| 000 | 00337nam a22001337a 4500 | ||
|---|---|---|---|
| 008 | 230704b xxu||||| |||| 00| 0 eng d | ||
| 020 | _a0421342501 | ||
| 082 |
_a340 _bALL |
||
| 100 | _cPeter Allsop | ||
| 245 | _aCurrent Law Year Book 1981 | ||
| 260 |
_aLondon _bSweet & Maxwell Ltd _c 1985 |
||
| 300 | _aVarious panging | ||
| 942 |
_2ddc _cBK |
||
| 999 |
_c3614 _d3614 |
||